00730nam a22002177a 4500008004100000020001500041040001800056041000800074060003100082100003800113245006900151250001000220260005100230300005200281500004000333500006900373650001500442650001700457650001700474650002100491130821s1978 mx a gr spa  a8479031638 aCo-BoUCMbspa00aspa aWL 102bG992a 2 ed.21994.1 aGuyton, Arthur Cliftond1919-200310aAnatomía y fisiología del sistema nerviosocArthur C. Guyton a2 ed. aMéxico D.F. (México)bInteramericanac1978 a320 páginasbilustraciones (algunas en color) aEl ejemplar 4 es primera edición. aLibro de bodega disponible en 24 horas a partir de la solicitud.04aAnatomía04aFisiología04aNeurología04aSistema nervioso